Maravillas del mundo / (Registro nro. 8330)

Detalles MARC
000 -LIDER
fixed length control field 01108nam a22003737a 4500
001 - NÚMERO DE CONTROL
Identificador de número de control 0074
003 - IDENTIFICACDOR DE NÚMERO DE CONTROL
control field DO-SdBNP
005 - DATE AND TIME OF LATEST TRANSACTION
control field 20161202133749.0
007 - CAMPOS FIJOS DE DESCRIPCIÓN FÍSICA
fixed length control field 0074
008 - ELEMENTOS DE LONGITUD FIJA
fixed length control field 151005b sp 1989 xxu||||| |||| 00| 0 spa d
020 ## - ISBN
International Standard Book Number 9788476555590
040 ## - FUENTE DE CATALOGACIÓN
Agencia que crea de manera original el registro BPMSU
Idioma de catalogación spa
Agencia que realiza la transcripción BPMSU
082 ## - NÚMERO DE CLASIFICACIÓN DECIMAL DE DEWEY
Classification number 930
Item number C337m, 1989
100 10 - ASIENTO PRINCIPAL -- NOMBRE PERSONAL
Nombre personal Caselli, Giovanni
245 10 - MENCIÓN DE TITULO
Título Maravillas del mundo /
Mención de responsabilidad Giovanni Caselli ; ilustradores Mark Bergin, Nicolas Hewtson, John James; traducción Javier Gómez Rea
250 ## - MENCIÓN DE EDICION
Mención de edición 2a ed.
260 0# - PUBLICACIÓN, DISTRIBUCIÓN, ETC. (PIE DE IMPRENTA)
Lugar de publicación, distribución, etc [España] :
Nombre del editor, distribuidor, etc. Plaza joven,
Fecha de publicación, distribución, etc 1989
300 ## - DESCRIPCIÓN FÍSICA
Extensión 64 p.
Otros detalles físicos il.
Dimensiones 29 cm.
490 1# - MENCIÓN DE SERIES
Mención de serie Ventana al mundo
500 ## - NOTA GENERAL
Nota general Incluye índice de nombres
650 #4 - ENCABEZAMIENTO DE MATERIA--TEMÁTICO
Término temático o nombre geográfico como elemento de entrada SIETE MARAVILLAS DEL MUNDO
650 #4 - ENCABEZAMIENTO DE MATERIA--TEMÁTICO
Término temático o nombre geográfico como elemento de entrada ARTE ANTIGUO
650 #4 - ENCABEZAMIENTO DE MATERIA--TEMÁTICO
Término temático o nombre geográfico como elemento de entrada CURIOSIDADES
650 #4 - ENCABEZAMIENTO DE MATERIA--TEMÁTICO
Término temático o nombre geográfico como elemento de entrada MONUMENTOS
650 #4 - ENCABEZAMIENTO DE MATERIA--TEMÁTICO
Término temático o nombre geográfico como elemento de entrada EDIFICIOS HISTORICOS
700 10 - ASIENTO SECUNDARIO -- NOMBRE PERSONAL
Nombre personal Bergin, Mark,
Mención de responsabilidad il.
700 10 - ASIENTO SECUNDARIO -- NOMBRE PERSONAL
Nombre personal Hewetson, Nicholas,
Mención de responsabilidad il.
700 10 - ASIENTO SECUNDARIO -- NOMBRE PERSONAL
Nombre personal James, John,
Mención de responsabilidad il.
700 10 - ASIENTO SECUNDARIO -- NOMBRE PERSONAL
Nombre personal Gómez Rea, Javier,
Mención de responsabilidad tr.
830 00 - ASIENTO SECUNDARIO DE SERIE--TÍTULO UNIFORME
Título uniforme Ventana al mundo
910 ## - VALIDACIÓN
Validación Validado. Control de calidad MFF
942 ## - ADDED ENTRY ELEMENTS (KOHA)
Source of classification or shelving scheme Dewey Decimal Classification
Koha item type Libros
956 ## - LOCAL ELECTRONIC LOCATION AND ACCESS (OCLC)
Nombre de host Brenda Tavárez
Existencias
Withdrawn status Lost status Source of classification or shelving scheme Damaged status Not for loan Collection code Home library Current library Date acquired Source of acquisition Total Checkouts Full call number Barcode Date last seen Price effective from Koha item type
    Dewey Decimal Classification     Colección Juvenil General Biblioteca Pública Metropolitana Salomé Ureña Biblioteca Pública Metropolitana Salomé Ureña 10/05/2015 Donación   930 C337m, 1989 BPMSU15100045 10/05/2015 10/05/2015 Libros